000 00696cam a2200241 a 4500
001 11338
003 IN-BhIIT
005 20251104172328.0
008 051024r20061989gw a b 001 0 eng
020 _a9783662221884 (pbk.)
040 _aIN-BhIIT
041 1 _aeng
082 0 0 _a512.73
_bMIY/M
100 1 _aMiyake, Toshitsune,
_eAuthor
_926658
245 1 0 _aModular forms /
_cToshitsune Miyake.
260 _aBerlin ;
_bSpringer,
_c1976.
300 _aviii, 335 p. :
_bill. ;
_c24 cm.
490 0 _aSpringer monographs in mathematics
500 _aFirst English ed. published in 1989.
650 0 _aForms, Modular.
_921664
650 0 _aMathematics
_xForms, Modular.
_926659
942 _cTRB
999 _c15176
_d15176